LEADER 01083naa a2200229 u 4500 001 000000116145 003 CaOOAMICUS 005 20090612085337.0 008 090612n fr u000 u fre u 040 $aPUL$bita$dMCT 100 1 $aHayez, Michel,$d1932-$0(OLS)http://pul/name/11700 245 12$aL'hôtellerie avignonnaise au XIVe s. :$bà propos del la succession de Siffrède Trelhon (1387) /$cMichel et Anne-Marie Hayez. 260 $a[S. l. :$bs. n.],$cs.d.$eMarseille :$fImprimerie Saint-Victor 300 $ap. [275]-284 ;$c21 cm 500 $aExtrait de Provence Historique - Fascicule 100. 651 4$aAvignone$xPapato$ySec. XIV.$0(OLS)http://pul/subject/38050 700 1 $aHayez, Anne-Marie.$0(OLS)http://pul/name/9785 850 $aPUL 852 $aPUL$W1$xDP1 Fondo Maccarrone$y58$m1520 F 75$j133082$qFondi$B132102$CPULBib$Z2$F132102 $82 941 1 $a1 996 $6245$aL'hôtellerie avignonnaise au XIVe s. :$bà propos del la succession de Siffrède Trelhon (1387)$9(OLS)http://pul/title/145951 996 $6260$a[S. l. :$bs. n.]$9(OLS)http://pul/publisher/47882 LEADER 01322nam a2200289 u 4500 001 000000061501 003 CaOOAMICUS 005 20070226121030.0 008 010907s1949 ag u000 u spa u 035 $a10901881 040 $aPUL(R)$bita 111 2 $aCongreso asuncionista Franciscano de America Latina$d(1948 :$cMadrid).$0(OLS)http://pul/name/41976 245 10$aActas del congreso asuncionista franciscano de Ameriaca Latina :$bBuenoS Aires 28 septiembre - 4 octubre 1948. 260 $aBuenos Aires :$bItinerarium,$c1949. 300 $a401 p. : ;$c25 cm 490 1 $aStudia mariana ;$v5 500 $aContuene indici. 504 $aBibliografia in nota. 600 04$aMaria Virgo,$cs.$vCongressi.$0(OLS)http://pul/subject/8008 830 0$aStudia mariana ;$v5.$0(OLS)http://pul/title/81997 850 $aPUL 852 $aPUL$W1$xDP2 Religione 1$y63$m66 D 17$j80121$nBK-PRI$qStampati$B80121$CPULBib$Z2$F80121 $82 852 $aPUL$W1$xDP2 Religione 1$y63$m66 G 48$j80122$nBK-PRI$qStampati$B80122$CPULBib$Z2$F80122 $82 941 1 $a8 961 $aINV: 24160 996 $6245$aActas del congreso asuncionista franciscano de Ameriaca Latina :$bBuenoS Aires 28 septiembre - 4 octubre 1948$9(OLS)http://pul/title/82115 996 $6260$aBuenos Aires :$bItinerarium$9(OLS)http://pul/publisher/70078